| 000 | 03546cam a2200373 a 4500 | ||
|---|---|---|---|
| 001 | 3161 | ||
| 003 | FISKH | ||
| 005 | 20240215093936.0 | ||
| 008 | 010213s2000 enkab b 001 0 eng d | ||
| 010 | _a 2001274677 | ||
| 015 | _aGBAO-X7619 | ||
| 020 | _a0198150342 | ||
| 035 | _a(OCoLC)ocm44153976 | ||
| 040 |
_aUKM _cUKM _dCNO _dVVC _dDLC _beng |
||
| 042 | _alccopycat | ||
| 043 | _af-ua--- | ||
| 050 | 0 | 0 |
_aDT83 _b.O95 2000 |
| 082 | 0 | 0 |
_a932 _221 |
| 245 | 0 | 4 |
_aThe Oxford history of ancient Egypt / _cedited by Ian Shaw. |
| 260 |
_aOxford ; _aNew York : _bOxford University Press, _c2000. |
||
| 300 |
_axv, 512 pages : _bcolor illustrations, maps ; _c26 cm. |
||
| 504 | _aIncludes bibliographical references and index. | ||
| 505 | 0 | _aIntroduction : chronologies and cultural change in Egypt / Ian Shaw -- Prehistory : from the Palaeolithic to the Badarian culture (c. 700,000-4000 BC / Stan Hendrickx and Pierre Vermeersch -- The Naqada period (c. 4000-3200 BC) / Béatrix Midant-Reynes -- The emergence of the Egyptian state (c. 3200-2686 BC) / Kathryn A. Bard -- The Old Kingdom (c. 2686-2125 BC) / Jaromir Malek -- The First Intermediate period (c. 2160-2055 BC) / Stephan Seidlmayer -- The Middle Kingdom renaissance (c. 2055-1650 BC) / Gae Callender -- The Second Intermediate period (c. 1650-1550 BC) / Janine Bourriau -- The 18th dynasty before the Amarna period (c. 1550-1352 BC) / Betsy M. Bryan -- The Amarna period and the Later New Kingdom (c. 1352-1069 BC) / Jacobus Van Dijk -- Egypt and the outside world / Ian Shaw -- The Third Intermediate period (1069-664 BC) / John Taylor -- The Late period (664-332 BC) / Alan B. Lloyd -- The Ptolemaic period (332-30 BC) / Alan B. Lloyd -- The Roman period (30 BC-AD 395) / David Peacock. | |
| 520 | _aThe Oxford History of Ancient Egypt uniquely covers 700,000 years of ancient Egypt, from c. 700,000 BC to AD 311. Following the story from the Egyptians' prehistoric origins to their conquest by the Persians, Greeks, and Romans, this book resurrects a fascinating society replete with remarkable historical information. It investigates such subjects as the changing nature of life and death in the Nile valley to some of the earliest masterpieces of art, architecture, and literature in the ancient world. The authors--an international team of experts working at the cutting edge of their particular fields--outline the principal sequence of political events, including detailed examinations of the three so-called 'intermediate periods' which were previously regarded as 'dark ages' and are only now beginning to be better understood. They also examine cultural and social patterns, including stylistic developments in art and literature. Addressing the issues surrounding this distinctive culture, vividly relating the rise and fall of ruling dynasties, exploring colourful personalities, and uncovering surprising facts.-- | ||
| 651 | 0 |
_aEgypt _xHistory _yTo 640 A.D. |
|
| 700 | 1 |
_aShaw, Ian, _d1961- |
|
| 856 | 4 | 1 |
_3Table of contents only _uhttp://www.loc.gov/catdir/enhancements/fy0611/2001274677-t.html |
| 856 | 4 | 2 |
_3Publisher description _uhttp://www.loc.gov/catdir/enhancements/fy0611/2001274677-d.html |
| 856 | 4 | 2 |
_3Contributor biographical information _uhttp://www.loc.gov/catdir/enhancements/fy0725/2001274677-b.html |
| 906 |
_a7 _bcbc _ccopycat _d2 _encip _f20 _gy-gencatlg |
||
| 942 |
_2ddc _cBK _n0 |
||
| 999 |
_c3161 _d3161 |
||